[Event "GRE-chT 49th"]
[Site "Thessaloniki"]
[Date "2022.08.16"]
[Round "6.5"]
[White "Tsapaki, Asimenia"]
[Black "Siskou, Evangelia"]
[Result "1-0"]
[WhiteElo "1479"]
[BlackElo "1371"]
[PlyCount "107"]
[EventDate "2022.08.12"]
[EventType "team-swiss"]
[EventRounds "7"]
[EventCountry "GRE"]
[SourceTitle "CBM 209 Extra"]
[Source "ChessBase"]
[SourceDate "2022.09.30"]
[SourceVersion "1"]
[SourceVersionDate "2022.09.30"]
[SourceQuality "1"]
[WhiteTeam "OFI"]
[BlackTeam "Amo Galaxias"]
[WhiteTeamCountry "GRE"]
[BlackTeamCountry "GRE"]

1. e4 e5 2. Nf3 Nc6 3. d4 exd4 4. Bc4 Bc5 5. 0-0 Nge7 6. Ng5 d5 7. exd5 Ne5 8. Bb5+ Bd7 9. Bxd7+ Qxd7 10. Re1 Qf5 11. Ne4 Ng4 12. f3 Qe5 13. fxg4 d3+ 14. Nxc5 dxc2 15. Qe2 Qxe2 16. Rxe2 cxb1Q 17. Rxb1 b6 18. Nd3 Rd8 19. Nb4 Kd7 20. Rxe7+ Kxe7 21. Nc6+ Kf6 22. Nxd8 Rxd8 23. Bf4 Rxd5 24. Bxc7 Rd2 25. Re1 Kg5 26. Be5 f6 27. Bc3 Rd7 28. Re4 h6 29. Rd4 Re7 30. Kf2 Rc7 31. Kf3 Re7 32. Rd5+ Kg6 33. h4 Rc7 34. a4 Re7 35. a5 bxa5 36. Rxa5 Rb7 37. Ra4 Rd7 38. Kf4 Rf7 39. Bd4 Rb7 40. Rxa7 Rb4 41. Ke3 Rb3+ 42. Bc3 Rb5 43. Kf4 Rc5 44. h5+ Kh7 45. Bxf6 Rc4+ 46. Kf3 Kh8 47. Rxg7 Rf4+ 48. Ke3 Re4+ 49. Kd3 Re3+ 50. Kd4 Rd3+ 51. Ke5 Rd5+ 52. Ke6 Rd6+ 53. Ke7 Rd7+ 54. Ke8 1-0

[Event "GRE-chT 49th"]
[Site "Thessaloniki"]
[Date "2022.08.15"]
[Round "5.2"]
[White "Gkoutzouki, Aikaterini Argyro"]
[Black "Siskou, Evangelia"]
[Result "1-0"]
[WhiteElo "1642"]
[BlackElo "1371"]
[PlyCount "134"]
[EventDate "2022.08.12"]
[EventType "team-swiss"]
[EventRounds "7"]
[EventCountry "GRE"]
[SourceTitle "CBM 209 Extra"]
[Source "ChessBase"]
[SourceDate "2022.09.30"]
[SourceVersion "1"]
[SourceVersionDate "2022.09.30"]
[SourceQuality "1"]
[WhiteTeam "Evoiki ES"]
[BlackTeam "Amo Galaxias"]
[WhiteTeamCountry "GRE"]
[BlackTeamCountry "GRE"]

1. d4 Nf6 2. Nf3 d5 3. c4 e6 4. Bg5 Be7 5. Nc3 0-0 6. e3 h6 7. Bh4 b6 8. Qb3 dxc4 9. Bxc4 Bb7 10. 0-0 Bxf3 11. gxf3 Nh7 12. Bxe7 Qxe7 13. Ne4 Ng5 14. Nxg5 Qxg5+ 15. Kh1 Qh5 16. Be2 Nd7 17. Rg1 Nf6 18. Qc3 Ne4 19. Qe1 Nf6 20. Qf1 Kh8 21. Rg3 Rg8 22. Rc1 c5 23. dxc5 bxc5 24. Qe1 Rab8 25. Rc2 Rb4 26. e4 Qe5 27. Qc1 Nh5 28. Rg4 Nf6 29. Rg1 Rc8 30. a3 Rb3 31. Qd2 Rbb8 32. Rgc1 Rd8 33. Qa5 Rg8 34. b4 Qd4 35. Qxc5 Qd7 36. Qc6 Qd4 37. Qc5 Qd7 38. Qe3 Qa4 39. Rc5 Rb7 40. Qd3 Qe8 41. Qc3 Qa8 42. Qe3 Rd7 43. Ba6 Qb8 44. Bb5 Re7 45. Qc3 Qf4 46. Qe3 Qb8 47. Bc6 Rd8 48. b5 Qb6 49. Qc3 a6 50. bxa6 Qxa6 51. Bb5 Qa7 52. a4 Kh7 53. a5 Rb8 54. Qd3 g6 55. a6 Kg7 56. Qd6 Ng8 57. Kg2 Qa8 58. Bc6 Qa7 59. Bb7 Rexb7 60. axb7 Rxb7 61. Rc7 Rxc7 62. Rxc7 Qa5 63. Rc5 Qa1 64. Qe5+ Qxe5 65. Rxe5 Nf6 66. Kf1 Nh5 67. Ke2 Nf4+ 1-0

[Event "GRE-chT 49th"]
[Site "Thessaloniki"]
[Date "2022.08.13"]
[Round "3.3"]
[White "Siskou, Evangelia"]
[Black "Kalamoukou, Giolanta"]
[Result "0-1"]
[WhiteElo "1371"]
[BlackElo "1365"]
[PlyCount "54"]
[EventDate "2022.08.12"]
[EventType "team-swiss"]
[EventRounds "7"]
[EventCountry "GRE"]
[SourceTitle "CBM 209 Extra"]
[Source "ChessBase"]
[SourceDate "2022.09.30"]
[SourceVersion "1"]
[SourceVersionDate "2022.09.30"]
[SourceQuality "1"]
[WhiteTeam "Amo Galaxias"]
[BlackTeam "Kavalas"]
[WhiteTeamCountry "GRE"]
[BlackTeamCountry "GRE"]

1. e4 c5 2. Nf3 d6 3. Bb5+ Bd7 4. Bxd7+ Nxd7 5. c4 Ngf6 6. Nc3 g6 7. 0-0 Bg7 8. d4 cxd4 9. Nxd4 Nc5 10. Re1 a5 11. Bg5 0-0 12. Qd2 Ng4 13. Nd5 Re8 14. Nb5 Ne6 15. Bxe7 Rxe7 16. Nxe7+ Qxe7 17. h3 Ne5 18. Qxd6 Qg5 19. Qa3 Nxc4 20. Qb3 Nf4 21. g3 Nxb2 22. Nd6 Rf8 23. h4 Qg4 24. e5 Nbd3 25. Re3 Bxe5 26. Rxd3 Nxd3 27. Rf1 Bxg3 0-1

[Event "GRE-chT 49th"]
[Site "Thessaloniki"]
[Date "2022.08.13"]
[Round "2.6"]
[White "Siskou, Evangelia"]
[Black "Petkaki, Danai"]
[Result "1-0"]
[WhiteElo "1371"]
[BlackElo "1382"]
[PlyCount "41"]
[EventDate "2022.08.12"]
[EventType "team-swiss"]
[EventRounds "7"]
[EventCountry "GRE"]
[SourceTitle "CBM 209 Extra"]
[Source "ChessBase"]
[SourceDate "2022.09.30"]
[SourceVersion "1"]
[SourceVersionDate "2022.09.30"]
[SourceQuality "1"]
[WhiteTeam "Amo Galaxias"]
[BlackTeam "Larisas"]
[WhiteTeamCountry "GRE"]
[BlackTeamCountry "GRE"]

1. e4 e5 2. Nf3 Nf6 3. Nxe5 Nc6 4. Nxc6 dxc6 5. Nc3 Bc5 6. Be2 Qd4 7. 0-0 Bd6 8. d3 0-0 9. Be3 Qb4 10. Rb1 Qa5 11. Qd2 Ng4 12. Bxg4 Bxg4 13. h3 Qh5 14. f4 Bxh3 15. gxh3 Qxh3 16. Rf2 Rfe8 17. Rh2 Qd7 18. Rg2 f6 19. Qe2 b6 20. f5 Kh8 21. Qg4 1-0

[Event "EU-chT U12 Girls"]
[Site "Thessaloniki"]
[Date "2022.07.16"]
[Round "5.1"]
[White "Siskou, Evangelia"]
[Black "Jayawarna, Thisumi"]
[Result "1/2-1/2"]
[WhiteElo "1329"]
[BlackElo "1369"]
[PlyCount "60"]
[EventDate "2022.07.12"]
[EventType "team-tourn"]
[EventRounds "7"]
[EventCountry "GRE"]
[SourceTitle "EXT 2023"]
[Source "ChessBase"]
[SourceDate "2022.10.05"]
[SourceVersion "1"]
[SourceVersionDate "2022.10.05"]
[SourceQuality "1"]
[WhiteTeam "Greece U12"]
[BlackTeam "England U12"]
[WhiteTeamCountry "GRE"]
[BlackTeamCountry "ENG"]

1. e4 c5 2. Nf3 e6 3. g3 Nc6 4. Bg2 Nf6 5. Nc3 d6 6. 0-0 Be7 7. d4 cxd4 8. Nxd4 0-0 9. Nxc6 bxc6 10. e5 Nd5 11. exd6 Bxd6 12. Ne4 Be7 13. c4 Ba6 14. Qa4 Qc8 15. cxd5 cxd5 16. Re1 dxe4 17. Bf4 Bd3 18. Bxe4 Bxe4 19. Qxe4 Qa6 20. a3 Bf6 21. Be5 Bxe5 22. Qxe5 Rfd8 23. Red1 Qa4 24. Qe2 h6 25. Rd3 Kh7 26. Rad1 Rxd3 27. Qxd3+ Kg8 28. Rc1 Qa5 29. Qc3 Qd5 30. Qc6 Rd8 1/2-1/2

[Event "EU-ch Hybrid U10 Girls"]
[Site "Tornelo INT"]
[Date "2021.10.15"]
[Round "3"]
[White "Kochanowska, Patrycja"]
[Black "Siskou, Evangelia"]
[Result "0-1"]
[WhiteElo "1089"]
[BlackElo "1341"]
[PlyCount "74"]
[EventDate "2021.10.15"]
[EventType "swiss"]
[EventRounds "9"]
[EventCountry "NET"]
[SourceTitle "EXT 2023"]
[Source "ChessBase"]
[SourceDate "2022.10.05"]
[SourceVersion "1"]
[SourceVersionDate "2022.10.05"]
[SourceQuality "1"]
[WhiteTeam "Poland"]
[BlackTeam "Greece"]
[WhiteTeamCountry "POL"]
[BlackTeamCountry "GRE"]

1. e4 e5 2. Nf3 Nc6 3. Bb5 a6 4. Ba4 Nf6 5. 0-0 Nxe4 6. Re1 Nc5 7. Bxc6 dxc6 8. Nxe5 Be7 9. d3 0-0 10. Nc3 Bd6 11. Nf3 Bg4 12. h3 Bh5 13. Bg5 Bxf3 14. Bxd8 Bxd1 15. Be7 Bxe7 16. Rxe7 Bxc2 17. Rxc7 Bxd3 18. b4 Ne4 19. Nxe4 Bxe4 20. Rxb7 Rfb8 21. Rxb8+ Rxb8 22. a3 g6 23. Rd1 a5 24. Rd4 axb4 25. Rxe4 b3 26. Re1 c5 27. Kf1 c4 28. Rb1 c3 29. Ke1 c2 30. Rc1 b2 31. Rxc2 b1Q+ 32. Kd2 Rd8+ 33. Kc3 Rc8+ 34. Kd4 Qxc2 35. Ke3 Re8+ 36. Kf3 g5 37. g3 Qe4# 0-1